000 00296nam a22001337a 4500
008 170615b xxu||||| |||| 00| 0 eng d
020 _a9780870031830
041 _aeng
080 _a323
100 _a19
101 _aSHP
245 _aMANAGING GLOBAL ISSUES
_c MATHEWS.J.T
942 _2udc
_cBK
999 _c17612
_d17612